Application of International Law in International Relations

Postoj štátov k medzinárodnému právu. Dôsledky a oslabenie efektívnosti jeho tvorby a uplatňovania. Ochrana medzinárodných záujmov, uprednostňovanie individuálnych záujmov štátov a privatizácia medzinárodných a štátnych záujmov.

Salvato in:
Dettagli Bibliografici
Autore principale: Brocková, Katarína, 1976-
Altri autori: Kucharčík, Rudolf, 1977-, Mráz, Stanislav
Natura: Capitolo di libro
Lingua:inglese
Soggetti:
Tags: Aggiungi Tag
Nessun Tag, puoi essere il primo ad aggiungerne!!

MARC

LEADER 00000naa a2200000 4500
001 0263551
005 20240502083757.9
041 0 |a eng 
044 |a UA 
245 1 0 |a Application of International Law in International Relations  |c Katarína Brocková, Rudolf Kucharčík, Stanislav Mráz 
520 |a Postoj štátov k medzinárodnému právu. Dôsledky a oslabenie efektívnosti jeho tvorby a uplatňovania. Ochrana medzinárodných záujmov, uprednostňovanie individuálnych záujmov štátov a privatizácia medzinárodných a štátnych záujmov. 
610 2 0 |a právo medzinárodné 
610 2 0 |a vzťahy medzinárodné 
610 2 0 |a charta 
610 2 0 |a politika zahraničná 
610 2 0 |a bezpečnosť medzinárodná 
100 1 |a Brocková, Katarína, 1976- 
700 1 |a Kucharčík, Rudolf, 1977- 
700 1 |a Mráz, Stanislav